[Event "Issy les Moulineaux tt"]
[Site "Issy les Moulineaux"]
[Date "2000.06.11"]
[Round "2.4"]
[White "Fabet, Olivier"]
[Black "Lemmonier, L."]
[Result "0-1"]
[WhiteElo "1390"]
[BlackElo "1720"]
[PlyCount "81"]
[EventDate "2000.06.10"]
[EventType "team"]
[EventRounds "7"]
[EventCountry "FRA"]
[SourceTitle "EXT 2007"]
[Source "ChessBase"]
[SourceDate "2006.11.23"]
[SourceVersion "1"]
[SourceVersionDate "2006.11.23"]
[SourceQuality "1"]

1. e4 Nf6 2. Nc3 e5 3. Nf3 Nc6 4. d4 exd4 5. Nxd4 d6 6. Nxc6 bxc6 7. Bc4 Be6 8. Bxe6 fxe6 9. Bg5 Be7 10. Bxf6 Bxf6 11. Qh5+ g6 12. Qh3 Qe7 13. Qf3 0-0 14. e5 Bh4 15. exd6 cxd6 16. Qxc6 Bxf2+ 17. Ke2 Rac8 18. Qe4 Rc5 19. Rhf1 Qf6 20. Qe3 Re5 21. Ne4 Bxe3 22. Rxf6 Rxe4 23. Rxf8+ Kxf8 24. Kf3 d5 25. Re1 Bd4 26. Rxe4 dxe4+ 27. Kxe4 Bxb2 28. c4 Ke7 29. Kd3 Kd6 30. Kc2 Bd4 31. Kd3 e5 32. g4 Kc5 33. h4 Kb4 34. h5 Ka3 35. hxg6 hxg6 36. Ke4 Kxa2 37. c5 Bxc5 38. Kxe5 g5 39. Ke4 a5 40. Kf5 Be3 41. Ke4 0-1